[Event "Autumn Cup"]
[Site "Wellington Chess Club"]
[Date "2018.05.24"]
[Round "5.4.2"]
[White "Farrington, Lawrence"]
[Black "Sole, Michael"]
[Result "1/2-1/2"]
[WhiteElo "1769"]
[BlackElo "1782"]

1. e4 c5 2. c3 d5 3. exd5 Qxd5 4. d4 g6 5. Be3 cxd4 6. cxd4 Bg7 7. Nc3 Qd8 8.
Nf3 Nh6 9. Bc4 O-O 10. O-O Nf5 11. Qd3 Nc6 12. d5 Na5 13. Bf4 Nxc4 14. Qxc4 Bd7
15. Rac1 Nd6 16. Qb3 b5 17. Ne5 Bxe5 18. Bxe5 Nc4 19. Bf4 Qb6 20. Ne4 e5 21.
Bg5 f5 22. Nd2 Nxd2 23. Bxd2 Rfe8 24. Be3 Qd6 25. Bc5 Qf6 26. Rfd1 f4 27. f3 g5
28. Bf2 Qd6 29. Bc5 Qg6 30. Qb4 g4 31. fxg4 Bxg4 32. Rd2 a6 33. Rf1 Kh8 34. Qc3
Kg8 35. d6 Bd7 36. Qd3 e4 37. Qc2 e3 38. Qxg6+ hxg6 39. Rd4 e2 40. Re1 Rac8 41.
b4 a5 42. a3 axb4 43. axb4 Ra8 44. Kf2 g5 45. Rd2 Bg4 46. Rd5 Kf7 47. Rxg5 Rg8
48. Re5 Rae8 49. Rxe8 Rxe8 50. Kg1 1/2-1/2

[Event "Autumn Cup"]
[Site "Wellington Chess Club"]
[Date "2018.05.24"]
[Round "5.4.3"]
[White "Day, Fabian"]
[Black "Stoeveken, Peter"]
[Result "1/2-1/2"]
[WhiteElo "1778"]
[BlackElo "1815"]

1. e4 c5 2. d4 cxd4 3. c3 dxc3 4. Nxc3 Nc6 5. Nf3 e6 6. Bc4 Bc5 7. O-O a6 8. e5
Nge7 9. Ne4 Qb6 10. Nd6+ Bxd6 11. exd6 Nf5 12. g4 Nfd4 13. Nxd4 Qxd4 14. Qxd4
Nxd4 15. a4 b6 16. Be3 Nf3+ 17. Kg2 Bb7 18. Kg3 h5 19. Be2 hxg4 20. Rfc1 f5 21.
Rc7 Rh3+ 22. Kg2 Nh4+ 23. Kf1 Rxh2 24. Ke1 Rh1+ 25. Kd2 Rxa1 26. Rxb7 Rc8 27.
Rc7 Rb8 28. Bxa6 Rxa4 29. Bb5 f4 30. Bxd7+ Kd8 31. Bxa4 fxe3+ 32. Kxe3 Nf5+ 33.
Kf4 b5 34. Bb3 Nxd6 35. Rxg7 Nc4 36. Bxc4 bxc4 37. Rg8+ Kc7 38. Rxb8 Kxb8 39.
Kxg4 Kc7 40. Kf4 Kd6 41. Ke4 e5 1/2-1/2

[Event "Autumn Cup"]
[Site "Wellington Chess Club"]
[Date "2018.05.24"]
[Round "5.5.1"]
[White "Tagos, Bernardo"]
[Black "Benitez, Rick"]
[Result "0-1"]
[WhiteElo "1575"]
[BlackElo "1551"]

1. d4 e6 2. Bf4 Nf6 3. Nf3 Nc6 4. e3 Qe7 5. c3 d6 6. Nbd2 Bd7 7. Bd3 Qd8 8. Qc2
Be7 9. h3 h6 10. Bh2 Bc8 11. e4 b6 12. e5 Nd7 13. exd6 cxd6 14. Nc4 Nf6 15. O-O
O-O 16. Rfe1 Bb7 17. Ne3 Qd7 18. b4 Rac8 19. Qa4 Nxd4 20. Qxd7 Nxf3+ 21. gxf3
Nxd7 22. c4 Bxf3 23. a3 Nb8 24. Bg3 f5 25. Nc2 e5 26. Bh2 0-1

[Event "Autumn Cup"]
[Site "Wellington Chess Club"]
[Date "2018.05.24"]
[Round "5.7.2"]
[White "Kibblewhite, Daniel"]
[Black "He, Paul"]
[Result "0-1"]
[WhiteElo "1486"]
[BlackElo "1223"]

1. d4 Nf6 2. c4 e6 3. Nf3 d5 4. e3 c5 5. cxd5 Nxd5 6. e4 Nf6 7. Nc3 cxd4 8.
Qxd4 Qxd4 9. Nxd4 Bb4 10. f3 Bxc3+ 11. bxc3 e5 12. Nb5 Kd7 13. c4 Nc6 14. Bb2
Nb4 15. O-O-O+ Ke7 16. Bxe5 Nc6 17. Bd6+ Kd8 18. Bf8+ Nd7 19. Bxg7 Rg8 20. Bf6+
Ne7 21. g3 a6 22. Nc3 Ke8 23. Bxe7 Kxe7 24. Nd5+ Kf8 25. Bh3 Ne5 26. Bxc8 Rxc8
27. Nb6 Rc6 28. Nd7+ Nxd7 29. Rxd7 Rxc4+ 30. Kd2 b5 31. Rc1 Ra4 32. Rc2 Rg6 33.
Ke3 Ra3+ 34. Rd3 Ra4 35. a3 Re6 36. Rcc3 f5 37. Rd4 Rxd4 38. Kxd4 fxe4 39. Re3
Rh6 40. Rxe4 Rxh2 41. Re3 Rh6 42. Kc5 Kf7 43. Kb4 Rg6 44. f4 Kf6 45. a4 bxa4
46. Kxa4 Kf5 47. Kb4 Kg4 48. Kc4 h5 49. Kd5 Kh3 50. f5 Rf6 51. Ke5 Rf8 52. f6
Kg4 53. f7 Rxf7 54. Ra3 Ra7 55. Kf6 a5 56. Kg6 Ra6+ 57. Kh7 a4 58. Kg7 Kh3 59.
Kf7 Ra5 60. Kf6 Kg2 61. Kg6 Kf2 62. Kf6 Ke2 63. Ke6 Kd2 64. Kd6 Kc2 65. Kc6 Kb2
66. Rf3 a3 67. Kb6 Ra8 68. Kb7 Ra4 69. Rf2+ Kc1 70. Rf1+ Kd2 71. Rf2+ Ke1 72.
Ra2 Kd1 73. Kb6 Kc1 74. Kb5 Ra8 75. Kb4 Kb1 76. Kb3 Rb8+ 77. Kxa3 Ra8+ 78. Kb3
Rxa2 0-1

[Event "Autumn Cup"]
[Site "Wellington Chess Club"]
[Date "2018.05.24"]
[Round "5.7.5"]
[White "Bennett, Ezra"]
[Black "Sole, Christopher"]
[Result "1-0"]
[WhiteElo "1429"]
[BlackElo "1143"]

1. Nf3 Nc6 2. d4 d5 3. Bf4 e6 4. e3 Nf6 5. c4 dxc4 6. Bxc4 Nd5 7. Bxd5 exd5 8.
O-O Bg4 9. Nbd2 h6 10. e4 Nxd4 11. Qa4+ Nc6 12. Ne5 Bd6 13. Ndf3 Bd7 14. Nxd7
dxe4 15. Nfe5 f6 16. Ng6 Bxf4 17. Qxe4+ Be5 18. Rad1 Nd4 19. Rxd4 Qxd7 20. Rxd7
Kxd7 21. Nxe5+ fxe5 22. Qxe5 Rhg8 23. Rd1+ Kc6 24. Qe6+ Kb5 25. a4+ Ka5 26.
Rd5+ b5 27. Rxb5+ Kxa4 28. Qc4# 1-0

[Event "Autumn Cup"]
[Site "Wellington Chess Club"]
[Date "2018.05.31"]
[Round "6.1"]
[White "Croad, Nicolas"]
[Black "Nijman, Brian"]
[Result "1-0"]
[WhiteElo "2422"]
[BlackElo "2155"]

1. d4 e6 2. Nf3 f5 3. Bf4 Nf6 4. e3 Be7 5. Bc4 Nd5 6. O-O O-O 7. h3 b6 8. Bxd5
exd5 9. Nbd2 Ba6 10. Re1 Nc6 11. c3 Na5 12. a4 c5 13. Nb3 c4 14. Nxa5 bxa5 15.
Nd2 Rc8 16. Qf3 Bb7 17. Reb1 Rf6 18. Bg5 Rf7 19. Bxe7 Qxe7 20. b4 f4 21. exf4
Qh4 22. bxa5 Bc6 23. Qg3 Qxf4 24. Qxf4 Rxf4 25. Rb4 Re8 26. Kf1 Ref8 27. f3 g5
28. Re1 h5 29. Re5 R4f5 30. Rxf5 Rxf5 31. Kf2 Rf8 32. Nf1 Kf7 33. Ng3 h4 34.
Nf1 Ke6 35. Ne3 Rf7 36. Ng4 d6 37. Ne3 Rb7 38. Rxb7 Bxb7 39. g3 hxg3+ 40. Kxg3
Bc6 41. f4 gxf4+ 42. Kxf4 Bxa4 43. h4 Be8 44. Kg5 Kd7 45. Nxd5 Kc6 46. Nb4+ Kb5
47. a6 Ka4 48. h5 Bxh5 49. Kxh5 Kb3 50. Nd5 1-0

[Event "Autumn Cup"]
[Site "Wellington Chess Club"]
[Date "2018.05.31"]
[Round "6.2"]
[White "Winter, Ryan"]
[Black "Pomeroy, Arthur"]
[Result "1/2-1/2"]
[WhiteElo "1999"]
[BlackElo "2093"]

1. e4 c5 2. Nc3 a6 3. g3 b5 4. Bg2 Bb7 5. d3 e6 6. f4 Nf6 7. Nf3 d5 8. e5 d4 9.
Ne2 Nd5 10. O-O Nc6 11. h3 Be7 12. g4 h5 13. Ng3 hxg4 14. hxg4 Qc7 15. Ne4 f6
16. Qe2 O-O-O 17. Bd2 fxe5 18. Neg5 Bxg5 19. Nxg5 Nxf4 20. Bxf4 exf4 21. Qe4
Rde8 22. Qxf4 Nd8 23. Qxc7+ Kxc7 24. Bxb7 Kxb7 25. Rae1 Rh6 1/2-1/2

[Event "Autumn Cup"]
[Site "Wellington Chess Club"]
[Date "2018.05.31"]
[Round "6.3.1"]
[White "Brockway, Andrew"]
[Black "Aldridge, Alan"]
[Result "0-1"]
[WhiteElo "1888"]
[BlackElo "1934"]

1. e4 c6 2. d4 d5 3. exd5 cxd5 4. Bd3 Nf6 5. c3 Nc6 6. Bf4 g6 7. Nf3 Bg7 8.
Nbd2 O-O 9. O-O Nh5 10. Bg3 Nxg3 11. hxg3 Bg4 12. Qb3 Rb8 13. Rfe1 Qd6 14. Nh2
Bd7 15. f4 f6 16. Nhf3 Kh8 17. Rad1 e5 18. dxe5 fxe5 19. fxe5 Nxe5 20. Be4
Nxf3+ 21. Bxf3 Qxg3 22. Nf1 Qf4 23. Bxd5 Qf2+ 24. Kh1 Rf4 25. Nh2 Ba4 26. Qa3
Bxd1 27. Rxd1 Re8 28. Nf3 Re2 0-1

[Event "Autumn Cup"]
[Site "Wellington Chess Club"]
[Date "2018.05.31"]
[Round "6.3.2"]
[White "Wilkins, Mark"]
[Black "Mullan, Brett"]
[Result "1-0"]
[WhiteElo "1922"]
[BlackElo "1920"]

1. d4 Nf6 2. c4 e6 3. Nf3 b6 4. Nc3 Bb4 5. Qc2 Bb7 6. Bd2 O-O 7. e3 d5 8. a3
Bxc3 9. Bxc3 Nbd7 10. b3 h6 11. Be2 c5 12. O-O Rc8 13. Nd2 Re8 14. Qb2 Qc7 15.
Rac1 Ba6 16. Rfe1 e5 17. dxc5 bxc5 18. cxd5 Bxe2 19. Rxe2 Nxd5 20. Nc4 Nxc3 21.
Qxc3 Nb6 22. Rd2 Nxc4 23. Qxc4 Red8 24. Rxd8+ Rxd8 25. h3 Rd2 26. b4 Qd6 27.
Qxc5 Qxc5 28. Rxc5 Rd1+ 29. Kh2 Rd3 30. Ra5 Rd7 31. Rxe5 f6 32. Rc5 Kf7 33. a4
Rb7 34. b5 Ke7 35. Kg3 Kd6 36. Rc6+ Kd7 37. e4 Rb6 38. Rc4 a6 39. bxa6 Rxa6 40.
Kf3 Ke6 41. Ke3 Ra5 42. f4 h5 43. h4 Kd6 44. g3 g5 45. hxg5 fxg5 46. Rd4+ Ke6
47. f5+ Kf6 48. Rb4 h4 49. gxh4 gxh4 50. Kf4 Ra8 51. e5+ Kg7 52. Kg4 Rf8 53.
Rb7+ Kh6 54. f6 h3 55. Kxh3 Kg5 56. Kg3 Kf5 57. Rb5 1-0

[Event "Autumn Cup"]
[Site "Wellington Chess Club"]
[Date "2018.05.31"]
[Round "6.4"]
[White "Day, Fabian"]
[Black "Chen, Wei Kai"]
[Result "1-0"]
[WhiteElo "1778"]
[BlackElo "1885"]

1. e4 c6 2. d4 d5 3. Nc3 dxe4 4. Nxe4 Bf5 5. Ng3 Bg6 6. Nf3 Nd7 7. h4 h6 8. h5
Bh7 9. Bd3 Bxd3 10. Qxd3 Ngf6 11. Bd2 e6 12. O-O-O Bd6 13. Kb1 O-O 14. Ne4 Nxe4
15. Qxe4 Nf6 16. Qe2 Qb6 17. c4 c5 18. Bc3 Rad8 19. g4 Nd7 20. g5 Bf4 21. gxh6
Bxh6 22. Rdg1 Kh8 23. Ne5 cxd4 24. Bd2 Bxd2 25. Nxd7 Rxd7 26. Qxd2 e5 27. Qg5
Qh6 28. Qxe5 d3 29. Qg5 Qxg5 30. Rxg5 Re8 31. Rd1 Re2 32. Rf5 Re4 33. b3 g6 34.
hxg6 fxg6 35. Rf3 d2 36. Kc2 Re2 37. Rh3+ Kg7 38. Rf3 g5 39. Rg3 Kg6 40. f4 Kf5
41. fxg5 Kf4 42. Rd3 Rxd3 43. Kxd3 Rg2 44. Rxd2 Rxg5 45. Kc3 b5 46. Rd4+ Ke3
47. Rd5 Rg2 48. Rd3+ Ke4 49. Rd4+ Ke3 50. cxb5 Rxa2 51. Ra4 Rh2 52. Rxa7 Rh8
53. Rd7 1-0

[Event "Autumn Cup"]
[Site "Wellington Chess Club"]
[Date "2018.05.31"]
[Round "6.5.1"]
[White "Rabina, Romeo"]
[Black "Hall, Nathan"]
[Result "0-1"]
[WhiteElo "1725"]
[BlackElo "1529"]

1. e4 e6 2. Nf3 d5 3. exd5 exd5 4. d4 Nf6 5. Be2 Bd6 6. Nc3 Bf5 7. Bg5 c6 8.
O-O Nbd7 9. Re1 O-O 10. Qd2 Qc7 11. h3 Rfe8 12. Nh4 Bg6 13. Nxg6 hxg6 14. Bf3
Nh7 15. Be3 Nb6 16. Be2 Re7 17. Bd3 Rae8 18. Ne2 Nd7 19. c4 dxc4 20. Bxc4 Nb6
21. Bb3 Nd7 22. Qd3 Kf8 23. a3 Qa5 24. Bd1 Qxe1# 0-1

[Event "Autumn Cup"]
[Site "Wellington Chess Club"]
[Date "2018.05.31"]
[Round "6.6.2"]
[White "Dixon, Hamish"]
[Black "Forlong-Ford, Colwyn"]
[Result "0-1"]
[WhiteElo "1708"]
[BlackElo "1701"]

1. e4 e5 2. Nf3 Nf6 3. d3 Nc6 4. Nc3 Bb4 5. Bd2 d6 6. a3 Ba5 7. b4 Bb6 8. Na4
Bg4 9. Nxb6 axb6 10. Be2 Bxf3 11. Bxf3 Nd4 12. O-O b5 13. c3 Ne6 14. a4 bxa4
15. Rxa4 O-O 16. Qb3 Qd7 17. Rfa1 Rxa4 18. Rxa4 c5 19. b5 b6 20. Ra6 Rb8 21.
Be2 Nc7 22. Ra1 Qxb5 23. Qxb5 Nxb5 24. c4 Nc7 25. Rb1 Ne6 26. Bd1 Kf8 27. f3
Nd7 28. Ba4 Ke7 29. Bb5 Kd8 30. Kf2 Nd4 31. Bc3 Kc7 32. Ke3 Nc6 33. f4 f6 34.
g3 Ra8 35. Rb2 Ra3 36. Kd2 Nf8 37. Kc2 Ne6 38. Bxc6 Kxc6 39. Rb3 Rxb3 40. Kxb3
Nd4+ 41. Bxd4 cxd4 42. Kb4 exf4 43. gxf4 g5 0-1

[Event "Autumn Cup"]
[Site "Wellington Chess Club"]
[Date "2018.06.07"]
[Round "4"]
[White "Croad, Nicolas"]
[Black "Timergazi, Layla"]
[Result "1-0"]
[WhiteElo "2422"]
[BlackElo "2119"]

1. d4 d5 2. c4 c6 3. Nf3 Nf6 4. e3 e6 5. b3 Nbd7 6. Bd3 Bd6 7. Bb2 { White's
move order is organised so that an early e6-e5 by Black is prevented.} 7... O-O
8. O-O b6 9. Ne5 Qc7 $6 {I didn't like this move as the Black Bishop already
indicated it will develop to b7 while the queen may find a better square than
c7 later. White is almost certain to play f2-f4 next anyway and this is not a
concession.} 10. f4 c5 { and this is certainly early to be playing this break.}
11. cxd5 Nxd5 { After the game Layla said she saw the Bxh7+ sacrifice but
didn't expect me to go for it.}  (11... exd5 12. Nc3 a6 13. Rc1 $14 { was my
expection at this moment.} ) 12. Bxh7+ $5 Kxh7 13. Qh5+ Kg8 14. Rf3 N5f6 ( {To
using the other Knight Layla was probably put off by} 14... N7f6 15. Qh4 g6 16.
e4 $1 {amoung other ideas.}  ( {Also} 16. Ng4 Nxg4 17. Rh3 { was a nice attempt
we both spotted, buy maybe} 17... f6 {here is still unclear.} ) )  ( { Layla
also put no trust in} 14... f6 {when the follow up} 15. Ng6 Re8 16. Rg3 $18
{appears to be a real problem as g7 is about to fall (White is threatening
Qh8+, Ne5+ and Rxg7+ which is devistating.)} ) 15. Qh4 Re8 ( { The knights
can't work together to Block the h-file off.} 15... Nh7 16. Rh3 Ndf6 17. Ng4
$18 { Though obviously this becomes possibly if Black gets Nf8 as a free move.}
) 16. Rh3 Kf8 17. Qh8+ Ke7 (17... Ng8 18. Rh7 {seemed the right way to
proceed.}  ( { On the other hand I could not quite make} 18. dxc5 Nxc5 {work
out here.}  ( { But not} 18... Bxc5 $2 19. Ng6+ fxg6 20. Qxg7#) ) 18... Nf6 19.
Qxg7+ Ke7 20. Qxf7+ Kd8 21. Qxc7+ Bxc7 22. Nc6# {Would have been a nice
finish.} ) 18. Qxg7 Bxe5 $1 {At this point my computer suggests White is better
following every other move here.} 19. dxe5 Ne4 {This knight performs a very
important defensive function here of guarding the g5 square.} 20. Nc3 (
{Otherwise} 20. Qg5+ Kf8 21. Rh8# {is a big problem.} )  ( { If Nc3 seemed
un-playable here I may have had a bail out idea.} 20. Qh7 Bb7 21. Qh4+ Kf8 (
21... f6 22. exf6+ { doesn't work as the king's escape route must be via d8.}
22... Kd8 23. f7+ $18) 22. Qh8+ Ke7 23. Qh4+ $11) 20... Bb7 ( { Black can't
allow Qg5+ and capture on c3 here.} 20... Nxc3 21. Qg5+ f6 22. exf6+ Kd6 23.
Bxc3 $18) 21. Nb5 $2 {I had taken quite a lot of time over 20. Nc3 as Nxe4
didn't work out well and this Nb5-d6 idea makes it critical for the White queen
to keep protecting g2. This tactical idea is critical to most of the following
variations. Never the less the other attacking ideas such as f4-f5 didn't seem
as strong so I thought this was mandatory.}  (21. Nxe4 Rg8 $1 {is the key
defensive intermediate move here.} 22. Qh6 (22. Qh7 Rh8 $1 $19) 22... Bxe4 23.
Qh4+ $17 { and this diagonal check doesn't have the same desired effect for
White.} )  ( { It turns out this was the strongest moment for f4-f5. This
prevents Rg8 due to f6-f5 moves in between.} 21. f5 $1 { and my computer wants
to bail out to approximate equality after} 21... Qxe5 22. Qxe5 Nxe5 23. Nxe4
Bxe4 24. Bxe5 $11) 21... Qc6 22. Nd6 $1 {By attacking f7 White buys time to
prevent the counter attack following a successfull Rg8.} 22... Rf8 ( { The
variations are quite intricate after} 22... Nxd6 23. Qg5+ f6 24. exf6+ (24.
exd6+ Kxd6 25. Bxf6 {seemed not to work so well here.} ) 24... Nxf6 (24... Kd8
25. f7+ Re7 26. Rh8+ Kc7 27. f8=Q (27. Qxe7 $4 Qxg2#)  ( { Things also do not
work out for White after} 27. Rxa8 Nxf7 28. Be5+ Nfxe5 29. Rxa7 Nd3 30. Rxb7+
Qxb7 31. Qxe7 Qe4 $19 { White has no decent defending pieces to protect himself
here.} ) 27... Nxf8 28. Qxe7+ Nd7 29. Qg5 {and it turns out at the end of this
long variation the White queen is over-worked.} 29... Rxh8 30. Bxh8 Nf7 $19)
25. Rh7+ Kd8 26. Bxf6+ Kc8 27. Be5 {My assessment of this was that White was
winning here. It turns out this is somewhat more complicated than that if Black
plays extremely accurately.} ) 23. Rd1 {After this move I felt the game was
under control again. } 23... Nxd6 ( {Though the game seemed under control there
were still some quite interesting variations, for example} 23... Kd8 24. Nxb7+
Kc7 25. Nd6 Rg8 { I got this far but it is not obvious what happens next} 26.
Qh7 Rxg2+ 27. Kxg2 Ng5+ 28. e4 Nxh7 29. Rxh7 $16) 24. exd6+ Ke8 25. Qg5
{Threatening Qe7#} 25... f6 26. Qg7 {and again} 26... Kd8 27. Rh8 Qxg2+ { After
this the game transposes into a winning endgame for White.}  ( {and its all
checks after} 27... Rxh8 28. Qxh8+ Nf8 29. Qxf8+ Kd7 30. Qe7+ Kc8 31. d7+ $18)
28. Qxg2 Bxg2 29. Rxf8+ Nxf8 30. Bxf6+ Kd7 31. Kxg2 $18 Ng6 32. h4 Rf8 33. Bg5
Rh8 34. Kg3 Rc8 35. h5 Nf8 36. Be7 Nh7 37. Rg1 Rg8+ 38. Kf2 Rxg1 39. Kxg1
{White has two extra pawns and the knight is completely unable to move so this
can only be easily winning for White.} 39... b5 40. Kf2 Kc6 41. Ke2 Kd7 42. Kd3
Kc6 43. a4 a6 44. axb5+ axb5 45. e4 ( {I missed 46...e5 at this point and so
didn't consider the trivially winning alternative} 45. Ke4 Kd7 46. Ke5 Kc6 47.
Kxe6 c4 48. bxc4 bxc4 49. d7 $18) 45... Kd7 46. f5 $6 ( {Simplest would have
been} 46. e5 Kc6 47. Ke4 Kd7 48. f5 exf5+ 49. Kxf5 $18) 46... e5 $1 { This
makes it as difficult as possible for me.} 47. h6 Ke8 48. Ke3 Kd7 49. Kf3 {This
is as far as the king can go while still being able to return and halt the
queenside pawns.} 49... Ke8 50. f6 ( {The direct} 50. Kg4 { at least
complicates the win} 50... c4 51. bxc4 b4 { Notice the bishop can't just come
back and cover things.} 52. Bh4 $2 (52. Bg5 b3 (52... Nxg5 53. Kxg5 b3 54. h7
b2 55. h8=Q+ $18) 53. Bc1 $18) 52... b3 53. Be1 b2 $19) 50... Ng5+ 51. Kg4 {The
White king can proceed further as the advanced white pawns now win a promotion
race.} 51... Nf7 52. Kf5 Kd7 (52... Nxh6+ 53. Ke6 $18 {and d7# next move.} )
53. Kg6 Ke6 54. d7 c4 55. bxc4 bxc4 56. d8=N+ Nxd8 57. Bxd8 {and White promotes
first so Black resigned.} 1-0

[Event "Autumn Cup"]
[Site "Wellington Chess Club"]
[Date "2018.06.07"]
[Round "7.5"]
[White "Dixon, Hamish"]
[Black "Hall, Nathan"]
[Result "1/2-1/2"]
[WhiteElo "1708"]
[BlackElo "1529"]

1. e4 e6 2. d4 d5 3. Bd3 c5 4. Be3 Nf6 5. e5 Nfd7 6. c3 cxd4 7. cxd4 Nc6 8. Nf3
Be7 9. O-O Nb4 10. Nc3 Nxd3 11. Qxd3 Nf8 12. Nd2 Ng6 13. f4 Bd7 14. Rf2 O-O 15.
f5 exf5 16. Nxd5 Bc6 17. Nxe7+ Nxe7 18. Bg5 h6 19. Bxe7 Qxe7 20. Rxf5 Rad8 21.
Rd1 g6 22. Rff1 Qxe5 23. Nc4 1/2-1/2

[Event "Julian Mazur Memorial"]
[Site "Wellington Chess Club"]
[Date "2018.07.19"]
[Round "1.1"]
[White "Day, Fabian"]
[Black "Ker, Anthony"]
[Result "1/2-1/2"]
[WhiteElo "1899"]
[BlackElo "2485"]

1. e4 c5 2. Nf3 g6 3. d4 cxd4 4. Nxd4 Nc6 5. Be3 $6 { Inaccuracy. Best move was
c4. } 5... Nf6 6. Nc3 Bg7 7. Bc4 O-O 8. O-O $6 { Inaccuracy. Best move was Bb3.
}  (8. Bb3 Qc7 (8... Na5 9. O-O Nxb3 10. axb3 a6) 9. f3 a6 10. Qd2 Na5 11. g4
b5 12. g5 Nxb3) 8... Nxe4 9. Bxf7+ Rxf7 10. Nxe4 h6 $6 { Inaccuracy. Best move
was Bxd4. }  (10... Bxd4 11. Bxd4 d5 12. Ng3 e5 13. Be3 Be6 14. c3 a5 15. Qd2
b5 16. Rac1 Rc8 17. Rfe1) 11. c3 $6 { Inaccuracy. Best move was Nxc6. }  (11.
Nxc6) 11... d5 12. Ng3 e5 13. Nde2 g5 14. Qd2 $2 { Mistake. Best move was Nh5.
}  (14. Nh5 Bh8) 14... Be6 $2 { Mistake. Best move was d4. }  (14... d4 15.
Rad1 dxe3 (15... Rd7 16. cxd4 exd4 17. Bf4 gxf4 18. Nxf4 Qc7 (18... Re7) ) )
15. Nh5 Bh8 16. f3 $6 { Inaccuracy. Best move was Neg3. }  (16. Neg3) 16... Qe8
17. h4 $2 { Mistake. Best move was Neg3. }  (17. Neg3 Rd8) 17... d4 18. cxd4
exd4 19. Bf2 $2 { Mistake. Best move was Bxg5. }  (19. Bxg5 hxg5 20. Qxg5+ Kh7
(20... Bg7 21. Nef4) 21. Neg3 d3 22. Ne4 Qf8 23. g4 Bd4+ 24. Kh1 Re8 25. Qd2
Kh8) 19... Re7 (19... Rd7 20. Nhg3 d3 21. Nc3 gxh4 22. Nge4)  (19... Rxf3 20.
gxf3 Qxh5 21. hxg5) 20. Nhg3 Bc4 21. Rfe1 (21. Ne4 Rxe4 22. fxe4 Qxe4 23. Ng3)
21... Bxe2 22. Rxe2 $6 { Inaccuracy. Best move was Nxe2. }  (22. Nxe2 Qg6 23.
hxg5 hxg5 24. Ng3 Be5 25. Re4 Rd8 26. Rae1 a6 27. Rg4 Rg7 28. Ne4 Bf4) 22...
Rxe2 $6 { Inaccuracy. Best move was gxh4. }  (22... gxh4 23. Rxe7 Nxe7 24. Ne2
Nf5 25. Nf4 Qb5 26. Re1 Rc8 27. b4 Bg7 28. Ne6 d3 29. Nc5) 23. Nxe2 Qg6 24.
hxg5 hxg5 25. Rd1 Rd8 26. Kf1 Be5 27. Qd3 Qxd3 28. Rxd3 Nb4 29. Rd2 d3 30. Nc3
Bxc3 31. bxc3 Nxa2 32. Bd4 Nc1 33. Bxa7 Ne2 34. Bd4 Nxd4 35. cxd4 Rxd4 36. Kf2
Kf7 37. Ke3 Rd7 38. Rxd3 Rxd3+ 39. Kxd3 Ke6 40. Kc4 Ke5 41. g3 1/2-1/2

[Event "Julian Mazur Memorial"]
[Site "Wellington Chess Club"]
[Date "2018.07.19"]
[Round "1.2"]
[White "Dive, Russell"]
[Black "Farrington, Lawrence"]
[Result "1-0"]
[WhiteElo "2425"]
[BlackElo "1763"]

1. Nf3 Nf6 2. c4 g6 3. g3 Bg7 4. Bg2 d6 5. O-O O-O 6. Nc3 e5 7. d3 Nc6 8. Rb1
a5 9. a3 Be6 10. b4 Rb8 11. c5 Re8 12. Qa4 axb4 13. axb4 Nd4 14. cxd6 cxd6 15.
Bd2 Qd7 16. Qxd7 Bxd7 17. Rfc1 b5 18. Nxd4 exd4 19. Ne4 Nxe4 20. Bxe4 Rec8 21.
Kg2 Be6 22. Ra1 d5 23. Bf3 Bf8 24. Rxc8 Rxc8 25. Ra5 Rb8 26. Ra6 h5 27. h3 Kh7
28. g4 hxg4 29. hxg4 Rc8 30. Rb6 Rc2 31. Bf4 Bxb4 32. Rxb5 Bf8 33. Be5 Bg7 34.
Bxg7 Kxg7 35. Rb4 Rd2 36. g5 Rc2 37. Kg3 Kf8 38. Kf4 Kg7 39. Rxd4 Rc5 40. Ke5
Rc2 41. Rb4 Rd2 42. Rb5 Rc2 43. Kf4 Rc1 44. Bxd5 Bxd5 45. Rxd5 Ra1 46. f3 Rh1
47. e4 Rh4+ 48. Ke3 Rh3 49. d4 Kf8 50. Re5 Rh1 51. Ra5 Rd1 52. d5 Ke7 53. Ra7+
Ke8 54. f4 Rg1 55. Kd4 Rd1+ 56. Ke5 Rf1 57. f5 gxf5 58. exf5 Rb1 59. Kf6 Rb6+
60. Kg7 Rd6 61. Rxf7 Rxd5 62. g6 Re5 63. f6 Rf5 64. Re7+ Kd8 65. Re1 1-0

[Event "Julian Mazur Memorial"]
[Site "Wellington Chess Club"]
[Date "2018.07.19"]
[Round "1.3"]
[White "Ashe, Michael"]
[Black "Croad, Nicolas"]
[Result "0-1"]
[WhiteElo "1623"]
[BlackElo "2431"]

1. d4 Nf6 2. c4 g6 3. Nc3 Bg7 4. e4 d6 5. h3 O-O 6. Bg5 c6 7. Nf3 a6 8. Bd3 b5
9. a3 e5 10. d5 h6 11. Be3 bxc4 12. Bxc4 c5 13. O-O Nh5 14. Be2 Nf4 15. Bxf4
exf4 16. Nd2 Nd7 17. Nc4 Qc7 18. Qc2 Rb8 19. Rab1 Ne5 20. f3 Qe7 21. Rfd1 Qh4
22. Qd2 Bxh3 23. Qe1 Qxe1+ 24. Rxe1 Nxc4 25. Bxc4 Bc8 26. Rec1 Be5 27. b4 cxb4
28. axb4 Bb7 29. Na4 Rfc8 30. Nb6 Bd4+ 0-1

[Event "Julian Mazur Memorial"]
[Site "Wellington Chess Club"]
[Date "2018.07.19"]
[Round "1.4"]
[White "Nijman, Brian"]
[Black "Stracy, Don"]
[Result "1-0"]
[WhiteElo "2162"]
[BlackElo "1649"]

1. d4 Nf6 2. Bg5 d5 3. Bxf6 exf6 4. e3 Be6 5. Bd3 c5 6. c3 Nc6 7. Ne2 Bd6 8. a3
cxd4 9. cxd4 f5 10. Nbc3 a6 11. O-O O-O 12. g3 b5 13. Nf4 Rc8 14. Qf3 Bxf4 15.
gxf4 Ne7 16. Kh1 Kh8 17. Rg1 g6 18. Qg3 Ng8 19. Rac1 Nf6 20. Qg5 Ne4 21. Bxe4
Qxg5 22. Rxg5 fxe4 23. Ne2 Kg7 24. Kg2 {Can't read the rest, White won in 45
moves} 1-0

[Event "Julian Mazur Memorial"]
[Site "Wellington Chess Club"]
[Date "2018.07.19"]
[Round "1.6"]
[White "Nyberg, Michael"]
[Black "Hall, Nathan"]
[Result "0-1"]
[WhiteElo "2114"]
[BlackElo "1863"]

1. e4 e6 2. d4 d5 3. Nc3 Nf6 4. Bg5 Be7 5. exd5 exd5 6. Bd3 Bg4 7. f3 Bh5 8.
Nge2 Bg6 9. Qd2 Bb4 10. a3 Ba5 11. Qe3+ Kf8 12. b4 Bb6 13. Bxf6 gxf6 14. O-O
Kg7 15. Rad1 c6 16. Qf2 Nd7 17. Kh1 Ne5 18. Nf4 Nxd3 19. Nxd3 Bc7 20. Rfe1 Qd6
21. Qh4 b6 22. Ne2 a5 23. c3 axb4 24. axb4 Ra2 25. Ndf4 Re8 26. Ra1 Rc2 27. g3
Re3 28. Qg4 Bb8 29. Rac1 Rb2 30. Nxg6 hxg6 31. Nf4 Qe7 32. Rf1 Bxf4 33. Qxf4 g5
34. Qb8 Ree2 35. g4 Qe8 36. Qxe8 Rxh2+ 0-1